00753cam a2200181 a 4500041000800000082001300008245005300021260009100074300001600165520019400181650002100375650001300396650001800409700002100427942000700448952009900455999001700554 aENG a241bMAB00aDoing Christian ethics : Context and Perspective aBangalore :bBoard of Theological Education of the Senate of Serampore College,c1996. ax, 204 p. ; aPapers presented at a workshop held at the United Theological College, Bangalore, 1-12 June 1993 under the auspices of the Board of Theological Education of the Senate of Serampore College. 0aChristian ethics 0aTheology 0aSocial ethics1 aMabry, Hunter P. cBK 00104070aHMIbHMIcGENd2025-10-06eDirectorl0o241 MABp24889r2025-10-06w2025-10-06yBK c23609d23609